Normal view
MARC view
Entry Personal Name
001 - CONTROL NUMBER
- control field: 5954
003 - CONTROL NUMBER IDENTIFIER
- control field: OSt
005 - DATE AND TIME OF LATEST TRANSACTION
- control field: 20211105132724.0
008 - FIXED-LENGTH DATA ELEMENTS
- fixed length control field: 211105|| aca||aabn | a|a d
040 ## - CATALOGING SOURCE
- Original cataloging agency: OSt
- Transcribing agency: OSt
100 ## - HEADING--PERSONAL NAME
- Personal name: Jean, M., ed
670 ## - SOURCE DATA FOUND
- Source citation: Work cat.: (OSt): International School of Physics "Enrico Fermi" Italy 1967 June 26- July 15 5953, Nuclear structure and nuclear reactions, 1969